000 00329cam a22001097a 4500
008 180718b1981 xxu||||| |||| 00| 0 eng d
082 _aB7301 x5442 Al51
100 _aDonde, G.R.
245 _aBye-laws of municipal councils and their flexibility
_cby G.R. Donde
260 _aBombay
_bMaharashtra government
_c1981
300 _a211p.
999 _c415653
_d415653